Savage safari / (Record no. 286)

MARC details
000 -LEADER
fixed length control field 01912nam a22002897a 4500
001 - CONTROL NUMBER
control field 286
003 - CONTROL NUMBER IDENTIFIER
control field FISKH
005 - DATE AND TIME OF LATEST TRANSACTION
control field 20230316130650.0
008 - FIXED-LENGTH DATA ELEMENTS--GENERAL INFORMATION
fixed length control field 100504s2010 nyuab 000 0 eng
020 ## - INTERNATIONAL STANDARD BOOK NUMBER
International Standard Book Number 9780753467282
040 ## - CATALOGING SOURCE
Original cataloging agency DLC
Transcribing agency DLC
Modifying agency DLC
-- FISKH
Language of cataloging eng
050 00 - LIBRARY OF CONGRESS CALL NUMBER
Classification number QL336
Item number .S26 2010
082 00 - DEWEY DECIMAL CLASSIFICATION NUMBER
Classification number 591.47096
Edition number 22
100 ## - MAIN ENTRY--PERSONAL NAME
Personal name Bear, Mariah
245 00 - TITLE STATEMENT
Title Savage safari /
Remainder of title Extreme encounters with animal warriors
260 ## - PUBLICATION, DISTRIBUTION, ETC.
Place of publication, distribution, etc. New York
Name of publisher, distributor, etc. Kingfisher
Date of publication, distribution, etc. 2009
300 ## - PHYSICAL DESCRIPTION
Extent 47 p. :
Other physical details col. ill., col maps ;
Dimensions 22 x 30 cm.
505 0# - FORMATTED CONTENTS NOTE
Formatted contents note Z1
505 0# - FORMATTED CONTENTS NOTE
Formatted contents note Meet the beasts -- Dangerous prides : African lion -- Deadliest prey : hippopotamus -- Airborne terror : Bateleur eagle -- Top of the pack : African wild dog -- African realms -- Armored beast : giant pangolin -- Sticky saboteur : chameleon -- Speed demon : cheetah -- Mighty charger : rhinoceros -- Silent stranger : African rock python -- Fish bane : osprey -- Africa's most dangerous -- Tusked defender : African elephant -- Killer smile : Nile crocodile -- Prey snatcher : spotter hyena -- Ultimate venom : Egyptian cobra -- Supreme climber : African leopard -- Ultimate predator and ultimate defender.
520 ## - SUMMARY, ETC.
Summary, etc. Africa is home to some of the animal kingdom's most ferocious hunters and savages. Whether screeching through the rainforests, prowling the wide savannas, or lurking along rivers, these brutes make shrot shrift out of all who dare cross their paths. To dominate their realms and evade attackers, some beasts use massive strength and vicious claws while others rely on impressive speed and cunning tricks. What equipment and skills would you need to survive? Jump in and find out!
521 8# - TARGET AUDIENCE NOTE
Target audience note 1100 <br/>
Source Lexile IG <br/>
521 8# - TARGET AUDIENCE NOTE
Target audience note Z1 <br/> <br/>
Source Raz-Plus
650 #0 - SUBJECT ADDED ENTRY--TOPICAL TERM
Topical term or geographic name entry element Animals
Geographic subdivision Africa
Form subdivision Juvenile literature.
650 #0 - SUBJECT ADDED ENTRY--TOPICAL TERM
Topical term or geographic name entry element Safaris
Geographic subdivision Africa
Form subdivision Juvenile literature.
906 ## - LOCAL DATA ELEMENT F, LDF (RLIN)
a 7
b cbc
c orignew
d 1
e ecip
f 20
g y-gencatlg
942 ## - ADDED ENTRY ELEMENTS (KOHA)
Source of classification or shelving scheme Dewey Decimal Classification
Koha item type Books
Suppress in OPAC No
Holdings
Withdrawn status Lost status Source of classification or shelving scheme Damaged status Not for loan Collection Home library Current library Shelving location Date acquired Total Checkouts Full call number Barcode Date last seen Copy number Price effective from Koha item type
    Dewey Decimal Classification     Non-Fiction Footprints International School Library Network Toul Kork Campus Footprints International School Library Network Toul Kork Campus A TK Campus, 4th Floor, Room B401, Fiction Bookcases (1-6) 03/16/2023   BEA 591.47096 S2646 2023-0024 03/16/2023 1 03/16/2023 Books